Educación ambiental comunitaria /
Zapisane w:
| 1. autor: | |
|---|---|
| Format: | Nieznany |
| Hasła przedmiotowe: | |
| Etykiety: |
Dodaj etykietę
Nie ma etykietki, Dołącz pierwszą etykiete!
|
MARC
| LEADER | 000000000a22000000004500 | ||
|---|---|---|---|
| 001 | 004363 | ||
| 100 | 1 | |a Fernández, Francisco | |
| 245 | 1 | 0 | |a Educación ambiental comunitaria / |c Francisco Fernández. |
| 310 | |a semestral | ||
| 650 | 4 | |a EDUCACION AMBIENTAL | |
| 650 | 4 | |a ECOLOGIA | |
| 650 | 4 | |a DESARROLLO COMUNITARIO | |
| 650 | 4 | |a PROBLEMAS AMBIENTALES | |
| 650 | 4 | |a ECODESARROLLO | |
| 650 | 4 | |a DESARROLLO SOSTENIBLE | |
| 650 | 4 | |a RECURSOS NATURALES | |
| 650 | 4 | |a DESARROLLO RURAL | |
| 650 | 4 | |a ECOTURISMO | |
| 773 | 0 | |d Costa Rica : Editorial de la Universidad Nacional |t Imágenes |g volumen 2, número 4 (1995), páginas 61-68 | |
| 942 | |c ARC | ||
| 999 | |c 11348 |d 11348 | ||
